Quel sport est ainsi illustré sur Wikipedia ? Lettres G H & I - Statistiques

Statistiques générales
  • Ce quiz a été pris 31 fois
  • Le résultat moyen est 5 sur 17
Statistiques - réponses
Par images Hint Réponse % Correct
1 mot Golf
97%
3 mots Hockey sur glace
83%
1 mot Gymnastique
79%
1 mot Haltérophilie
76%
3 mots Hockey sur gazon
72%
2 mots Gymnastique rythmique
48%
1 mot Horse-ball
14%
2 ou 3 mots Rink hockey | Hockey sur patins
10%
1 mot Grappling
7%
2 mots Hockey subaquatique
7%
1 mot Iaidō
7%
1 mot Gouren
3%
1 mot Hapkido
3%
1 mot Hurling
0%
1 mot Indiaca
0%
1 mot Intercrosse
0%
1 mot Ironman
0%
Aucun quiz correspondant
Distribution des résultats
% des personnes avec chaque résultat
Percentile par nombre de réponses
Votre historique - résultats
Vous n’avez pas pris ce quiz